000 00247nam a2200109Ia 4500
999 _c9467
_d9467
020 _a978-0534520847
100 _aJoseph R. Des Jardins
245 0 _aEnvironmental Ethics
260 _aNew Jersey
_bThomson South
_c1996
300 _a395
942 _cBK